Engineering culture: (Record no. 10514)

MARC details
000 -LEADER
fixed length control field 00623 a2200193 4500
010 ## - LCCN (DPL NO)
LC control number ENG-89362
020 ## - INTERNATIONAL STANDARD BOOK NUMBER
International Standard Book Number 9788189938024
Terms of availability 595.00
035 ## - SYSTEM CONTROL NUMBER
System control number EN-72895
037 ## - SOURCE OF ACQUISITION
Source of stock number/acquisition DBAD / PUB
082 14 - DEWEY DECIMAL CLASSIFICATION NUMBER
Classification number 658.4095
100 1# - MAIN ENTRY--PERSONAL NAME
Personal name Kunda, Gideon
245 1# - TITLE STATEMENT
Title Engineering culture:
Remainder of title control and commitment in a High-Tech corporation/
Statement of responsibility, etc by Gideon Kunda
250 ## - EDITION STATEMENT
Edition statement rev. ed.
260 ## - PUBLICATION, DISTRIBUTION, ETC. (IMPRINT)
Place of publication, distribution, etc New Delhi
Name of publisher, distributor, etc Overseas Press India
Date of publication, distribution, etc 2007
270 ## - ADDRESS
Address 7/28 Ansari Road,Daryaganj
City Delhi
Postal code 110002
Electronic mail address www.overseaspub.com
300 ## - PHYSICAL DESCRIPTION
Extent xi,307 p.
Dimensions 23cm ( Pbk.)
500 ## - GENERAL NOTE
General note Includes references and index
942 ## - ADDED ENTRY ELEMENTS (KOHA)
Institution code [OBSOLETE] dpl
Item type English Books
Call number prefix 658.4095 / KUN
Source of classification or shelving scheme Dewey Decimal Classification
Holdings
Withdrawn status Lost status Not for loan Home library Current library Cost, normal purchase price Full call number Barcode Cost, replacement price Koha item type
      D.B.Act.Division D.B.Act.Division 595.00 658.4095 EN-72895 595.00 English Books

© Delhi Public Library
Hit Counter
free hit counter